Musique l'amour brille sous les étoiles (disney) - Statistiques

Statistiques générales
  • Ce quiz a été pris 1 243 fois
    1 242 depuis la dernière actualisation
  • Le résultat moyen est 133 sur 176
Statistiques - réponses
Hint Réponse % Correct
146 à
100%
15 | 48 | 113 | 134 L'
99%
46 | 147 l'
99%
17 | 154 s'
99%
152 S'
99%
8 Et,
98%
19 et
98%
27 | 30 | 52 | +2 others les
98%
16 | 49 | 114 | 135 amour
97%
29 Sous
97%
51 | 116 | 137 sous
97%
50 | 115 | 136 brille
96%
33 étoiles,
96%
53 | 118 étoiles
96%
139 étoiles.
96%
54 | 119 d'
95%
73 | 92 t'
94%
58 | 123 la
91%
65 | 149 un
91%
1 C'
90%
4 c'
90%
61 | 106 | 126 en
90%
57 lumière,
90%
122 | 144 lumière
90%
56 | 121 étrange
87%
55 | 120 une
87%
12 | 96 de
86%
2 | 5 | 103 est
86%
10 se
86%
93 | 102 il
85%
62 | 127 parfaite
83%
63 | 128 harmonie
82%
68 Je
82%
72 | 99 je
82%
101 qu'
81%
59 | 124 terre
81%
60 entière,
80%
125 entière
80%
37 Mais
79%
75 mais
79%
104 | 159 ce
78%
20 | 24 | 168 | 172 nous
78%
38 | 45 | 110 dans
77%
161 Dans
77%
70 | 77 lui
77%
79 Mon
77%
111 mon
77%
130 sa
77%
143 Sa
77%
74 aime
76%
42 ça
76%
9 | 23 | 153 ils
75%
76 comment
74%
71 dire
74%
14 Qui ?
74%
108 qui
74%
78 avouer.
73%
84 Elle
73%
66 moment
73%
34 quel
73%
88 Quel
73%
67 royal.
73%
6 affreux.
72%
80 | 90 secret
72%
112 coeur.
71%
13 tout.
71%
69 voudrai
71%
81 mes
70%
11 moquent
70%
105 roi
70%
3 terrible,
70%
64 | 129 vit
70%
91 cache
69%
32 des
69%
28 deux.
69%
133 histoire.
69%
26 tous
69%
86 trop
69%
132 belle
68%
85 serait
68%
131 plus
67%
95 tant
67%
94 derrière
66%
83 Impossible !
66%
89 lourd
66%
21 pauvres
66%
82 problèmes ?
66%
43 sent
66%
87 blessée.
65%
107 exil
65%
98 Moi
65%
22 pouilleux,
65%
97 rancoeur ?
65%
100 sais
65%
47 air.
64%
41 atmosphère
64%
39 cette
64%
44 mauvais
64%
36 univers.
63%
170 | 175 au
62%
7 Quoi ?
62%
40 romantique
62%
35 magique
61%
31 diamants
59%
148 infini
59%
25 jettent
58%
109 règne
58%
145 éclaire
55%
176 monde.
55%
174 seuls
55%
165 Si
55%
160 soir.
53%
157 | 162 leur
52%
173 serons
51%
158 rêve
50%
151 espoir.
49%
171 revoir
48%
167 ami
47%
169 dit
47%
166 notre
47%
18 amène
45%
150 sublime
44%
163 folle
42%
164 ronde.
41%
140 Illuminant
39%
142 coeurs.
31%
156 vers
31%
155 enfuient
30%
141 leurs
30%
Aucun quiz correspondant
Distribution des résultats
% des personnes avec chaque résultat
Percentile par nombre de réponses
Votre historique - résultats
Vous n’avez pas pris ce quiz depuis la dernière actualisation